Simple Program Design (Record no. 33255)

MARC details
000 -LEADER
fixed length control field 00428nam a22001817a 4500
005 - DATE AND TIME OF LATEST TRANSACTION
control field 20230817111530.0
008 - FIXED-LENGTH DATA ELEMENTS--GENERAL INFORMATION
fixed length control field 230817b |||||||| |||| 00| 0 eng d
020 ## - INTERNATIONAL STANDARD BOOK NUMBER
ISBN 9780170346849
082 ## - DEWEY DECIMAL CLASSIFICATION NUMBER
Classification number 005.87
Item number LES-S
100 ## - MAIN ENTRY--AUTHOR
Author Name Lesley,Anne
245 ## - TITLE STATEMENT
Title Simple Program Design
250 ## - EDITION STATEMENT
Edition statement 5th
260 ## - PUBLICATION, DISTRIBUTION, ETC.
Place of Publication Australia
Name of publisher, distributor, etc. Cengage
Date of publication, distribution, etc. 2006
300 ## - PHYSICAL DESCRIPTION
Pages 352 pages
500 ## - GENERAL NOTE
General note Include Index.
650 ## - SUBJECT ADDED ENTRY--TOPICAL TERM
Subject / Department Programming
952 ## - LOCATION AND ITEM INFORMATION (KOHA)
-- 0
-- 0
Holdings
Lost status Damaged status Permanent Location Current Location Shelving Location Date acquired Full Call Number Accession No./Barcode Date last seen item type
    Superior Information Resource Center (SIRC) Superior University- Gold Campus Superior Information Resource Center (SIRC) Superior University- Gold Campus Programming 08/17/2023 005.87 LES-S 2006 19633 08/17/2023 BOOK

Powered by Koha